000 00678cam a2200253Ii 4500
001 31431
003 BD-RjUL
005 20211209051712.0
008 140415t1966 cau 001 0 eng d
035 _a(OCoLC)ocm01634086
035 _a(BD-RjUL)31518
035 _a(NNC)4695889
040 _aVWM
_cVWM
_beng
_dBD-RjUL
041 _aeng
082 0 4 _a200
_bCHM 1966
098 _aOZ7
100 1 _aChaudhuri, Haridas.
_993538
245 1 0 _aModern man's religion /
_cby Haridas Chaudhuri.
260 _aSanta Barbara, Calif. :
_bJ. F. Rowny Press,
_c1966.
300 _axii, 87 p. ;
_c22 cm.
504 _aIncludes index.
650 0 _aReligion.
_995642
942 _2ddc
_cBK
999 _c31431
_d31431